[Event "Valencia op 7th"]
[Site "Valencia"]
[Date "2014.01.02"]
[Round "2"]
[White "Salvador Lopez, Daniel"]
[Black "Grau Navarro, Salvador"]
[Result "1-0"]
[WhiteElo "2125"]
[BlackElo "1799"]
[PlyCount "35"]
[EventDate "2014.01.02"]
[EventType "swiss"]
[EventRounds "7"]
[EventCountry "ESP"]
[SourceTitle "CBM 158 Extra"]
[Source "ChessBase"]
[SourceDate "2014.02.28"]
[SourceVersion "1"]
[SourceVersionDate "2014.02.28"]
[SourceQuality "1"]

1. d4 Nf6 2. Nf3 d5 3. c4 c6 4. Nc3 Bf5 5. cxd5 cxd5 6. Qb3 Qb6 7. Nxd5 Nxd5 8. Qxd5 e6 9. Qc4 Nc6 10. a3 e5 11. Ng5 0-0-0 12. e3 Kb8 13. Qb5 Qc7 14. d5 a6 15. Qc4 Qa5+ 16. Bd2 Nb4 17. Bxb4 Bxb4+ 18. Qxb4 1-0

[Event "Valencia Manises-B"]
[Site "Valencia"]
[Date "2012.05.13"]
[Round "6"]
[White "Salvador Lopez, Daniel"]
[Black "Capdevila Brown, Raudys Rafael"]
[Result "1/2-1/2"]
[WhiteElo "2111"]
[BlackElo "1957"]
[PlyCount "83"]
[EventDate "2012.05.05"]
[EventType "tourn"]
[EventRounds "9"]
[EventCountry "ESP"]
[SourceTitle "EXT 2014"]
[Source "ChessBase"]
[SourceDate "2013.11.20"]
[SourceVersion "1"]
[SourceVersionDate "2013.11.20"]
[SourceQuality "1"]

1. e4 c5 2. Nf3 d6 3. d4 cxd4 4. Nxd4 Nf6 5. Nc3 e6 6. Be3 a6 7. Be2 Be7 8. 0-0 Nc6 9. Qd2 0-0 10. f4 Bd7 11. Rad1 Qc7 12. Nxc6 Bxc6 13. Bf3 Rac8 14. Qf2 b5 15. a3 Qb7 16. Bd4 Nxe4 17. Nxe4 Bxe4 18. Bxg7 Kxg7 19. Qd4+ Bf6 20. Qxe4 Qxe4 21. Bxe4 d5 22. Bd3 Bxb2 23. Kh1 Bxa3 24. Ra1 b4 25. Rf3 Rc3 26. g4 h6 27. g5 hxg5 28. fxg5 e5 29. Rf2 a5 30. Bf5 Rh8 31. h3 Rhxh3+ 32. Bxh3 Rxh3+ 33. Kg2 Rh5 34. Rf5 Kg6 35. Raf1 Rxg5+ 36. Rxg5+ Kxg5 37. Rxf7 a4 38. Ra7 Kf4 39. Kf2 b3 40. Rxa4+ d4 41. cxb3 Be7 42. Ke2 1/2-1/2